| 000 | 00607nam a22002057a 4500 | ||
|---|---|---|---|
| 999 |
_c18758 _d18758 |
||
| 003 | AR-CdUCM | ||
| 008 | 190515b ||||| |||| 00| 0 spa d | ||
| 040 |
_aMUNICIPALIDAD PROVINCIAL DEL CUSCO _cBIBLIOTECA MUNICIPAL DEL CUSCO |
||
| 082 |
_a869.56 / _bT45 |
||
| 100 |
_aThai, Shallushka _939540 |
||
| 245 | _aVivir de milagro / | ||
| 260 |
_aLima : _bLabrusa, _c1989. |
||
| 300 |
_a231 páginas ; _bretrato, _c22 cm. |
||
| 505 | _aContenido: Novela. | ||
| 650 |
_aNovela peruana _91234 |
||
| 650 |
_aLiteratura peruana _9169 |
||
| 650 |
_aSiglo XX _98 |
||
| 942 |
_2ddc _cLIBROS |
||
| 945 |
_aachl _d2019-05-15 |
||